| 000 | 00475nam a2200181Ia 4500 | ||
|---|---|---|---|
| 005 | 20250508152217.0 | ||
| 008 | 008 250505s9999 xx 000 0 eng d | ||
| 037 | _aTextual | ||
| 040 |
_aFEDL _beng _cFEDL |
||
| 041 |
_aeng _2eng |
||
| 084 |
_a520, CLA _qFEDL |
||
| 100 | _aClarke Arthur C | ||
| 245 | 0 | _aYoung traveller in space | |
| 260 |
_aLondon, UK _bPhoenix House Limited |
||
| 300 | _a72p. | ||
| 942 |
_cTEXL _h520, CLA |
||
| 999 |
_c1334991 _d1334991 |
||